| 000 | 00726nam a2200193 i 4500 | ||
|---|---|---|---|
| 001 | 134435 | ||
| 003 | ES-MaACL | ||
| 005 | 20230906194655.0 | ||
| 007 | t| | ||
| 008 | 070910s1944 sp ||||1| spa d | ||
| 100 | 1 |
_aWeaver, John Ernst. _9116231 |
|
| 245 | 1 | 0 |
_aEcología vegetal / _cpor John E. Weaver y Frederic E. Clements ; traducido de la segunda edición en inglés por Angel L. Cabrera ; prólogo para la edición española por Lorenzo R. Parodi. |
| 260 |
_aBuenos Aires : _bAcme Agency, _c1944. |
||
| 300 |
_aXXV, 667 p., 1 mapa : _bil. ; _c23 cm. |
||
| 700 | 1 |
_aClements, Frederic E. _939214 |
|
| 700 | 1 |
_aCabrera, Angel L. _933277 |
|
| 700 | 1 |
_aParodi, Lorenzo R. _989208 |
|
| 852 |
_aES-MaACL _jC-4731 _bR.25217 |
||
| 999 |
_c134435 _d134435 |
||